000 00723nam a2200193 i 4500
001 26257
003 ES-MaACL
005 20250909225701.0
008 030108s1969 sp af |||| |bspa d
100 1 _aArozamena, Jesús María de.
_923173
245 1 0 _aJoshemari (Usandizaga) y la bella época donostiarra /
_cJesús Mª de Arozamena ; carta prólogo de María Martínez Sierra.
250 _a1ª ed.
260 _aSan Sebastián :
_b[Caja de Ahorros Municipal],
_c1969 (
_fGráf. Izarra)
300 _a395 p., 4 lám. :
_bil. ;
_c26 cm.
600 1 7 _aUsandizaga, José María,
_d1887-1915
_2
_9139050
700 1 _aMartínez Sierra, María,
_d1874-1974
_978430
852 _aES-MaACL
_jC-37544
999 _c26257
_d26257